Health food and public policy (Record no. 241304)

MARC details
000 -LEADER
fixed length control field 01110nam a22002297a 4500
003 - CONTROL NUMBER IDENTIFIER
control field St Aloysius Coll
005 - DATE AND TIME OF LATEST TRANSACTION
control field 20260418152506.0
008 - FIXED-LENGTH DATA ELEMENTS--GENERAL INFORMATION
fixed length control field 260418b |||||||| |||| 00| 0 eng d
040 ## - CATALOGING SOURCE
Transcribing agency AL
041 ## - LANGUAGE CODE
Language code of text/sound track or separate title English
082 ## - DEWEY DECIMAL CLASSIFICATION NUMBER
Classification number 362.10954
Item number DSOH
100 ## - MAIN ENTRY--PERSONAL NAME
Personal name Claret Dsouza
9 (RLIN) 262182
245 ## - TITLE STATEMENT
Title Health food and public policy
Remainder of title : an indian perspective
260 ## - PUBLICATION, DISTRIBUTION, ETC.
Place of publication, distribution, etc. Ghaziabad
Name of publisher, distributor, etc. P&P Academy
Date of publication, distribution, etc. 2025
300 ## - PHYSICAL DESCRIPTION
Extent 312p.
Other physical details PB
Dimensions 24x18.4cm
365 ## - TRADE PRICE
Source of price type code General
520 ## - SUMMARY, ETC.
Summary, etc. Food and Health: A Public Policy Perspective in India examines the deep connections between nutrition, public health, and policymaking in India. Addressing challenges like malnutrition, lifestyle diseases, food security, and healthcare access, the book blends research, case studies, and policy analysis. It highlights India’s journey from the Green Revolution to current reforms, offering pathways toward sustainable, inclusive, and health-focused policies for the future.
600 ## - SUBJECT ADDED ENTRY--PERSONAL NAME
Source of heading or term Indian Subcontinent
Personal name Social Sciences
9 (RLIN) 262183
700 ## - ADDED ENTRY--PERSONAL NAME
Personal name Basil, Hans V
9 (RLIN) 262184
700 ## - ADDED ENTRY--PERSONAL NAME
Personal name Sajimon P P
9 (RLIN) 262185
942 ## - ADDED ENTRY ELEMENTS (KOHA)
Source of classification or shelving scheme Dewey Decimal Classification
Koha item type Book
Holdings
Withdrawn status Lost status Source of classification or shelving scheme Damaged status Not for loan Collection code Home library Current library Date acquired Total Checkouts Full call number Barcode Date last seen Price effective from Koha item type
    Dewey Decimal Classification     MSW St Aloysius PG Library St Aloysius PG Library 04/16/2026   362.10954 DSOH PG025238 04/18/2026 04/18/2026 Book